[Event "ch-Euro Blitz"]
[Site "Ajaccio FRA"]
[Date "2007.10.25"]
[Round "17"]
[White "Karpov, Ana"]
[Black "Mikhalevski, V."]
[Result "1-0"]
[WhiteElo "2670"]
[BlackElo "2584"]
[PlyCount "144"]
[EventDate "2007.10.25"]
[Source "www.chesslib.no"]
[SourceDate "2004.05.04"]

1. d4 Nf6 2. c4 g6 3. Nc3 d5 4. cxd5 Nxd5 5. Nf3 Bg7 6. Bd2 Nb6 7. Rc1 Nc6 8. e3 O-O 9. Bb5 Bd7 10. Ne4 e5 11. Nc5 exd4 12. Nxb7 Qf6 13. Nc5 Be8 14. e4 Ne5 15. Bxe8 Raxe8 16. O-O Nec4 17. b3 Ne5 18. Nxe5 Qxe5 19. Re1 Rd8 20. Nd3 Qe7 21. Rc6 Rd6 22. Bb4 Qd7 23. Bxd6 cxd6 24. Qc2 Re8 25. Rc7 Qe6 26. Qc6 d5 27. Qxe6 Rxe6 28. exd5 Rxe1+ 29. Nxe1 Nxd5 30. Rxa7 Nb4 31. Ra8+ Bf8 32. a3 d3 33. Rd8 Nc2 34. Nxd3 Nxa3 35. Rd5 Kg7 36. b4 Kf6 37. b5 Ke6 38. Re5+ Kd7 39. b6 Nc4 40. b7 Bd6 41. Rb5 Bb8 42. Rd5+ Nd6 43. Nb4 Ba7 44. Na6 Kc6 45. Rd1 Nxb7 46. Nb4+ Kc5 47. Rd7 Kb6 48. Rxf7 Bb8 49. Rxh7 Nd6 50. Rg7 Kc5 51. Nc2 Kd5 52. Rxg6 Ke5 53. Ne3 Ne4 54. h4 Ba7 55. h5 Nf6 56. Rg5+ Ke6 57. g4 Bd4 58. Kg2 Ne4 59. Rg6+ Kf7 60. Kf3 Nd2+ 61. Kf4 Ba7 62. Rc6 Bb8+ 63. Kf5 Nf3 64. Rc4 Nh4+ 65. Ke4 Kf6 66. f4 Ke6 67. Rc6+ Kd7 68. Rb6 Bc7 69. Rb2 Ke6 70. Rh2 Bd8 71. g5 Nf3 72. Rh3 Ng1 1-0

[Event "7th Open"]
[Site "Korinthos"]
[Date "2004.07.29"]
[Round "9"]
[White "Volkov, Sergey"]
[Black "Lupulescu, Constantin"]
[Result "1/2-1/2"]
[WhiteElo "2625"]
[BlackElo "2555"]
[PlyCount "115"]
[EventDate "2004.07.22"]
[Source "Roberto Alvarez"]
[SourceDate "2004.08.10"]

1. d4 Nf6 2. c4 g6 3. Nf3 d5 4. Nc3 dxc4 5. e4 Bg7 6. Qa4+ c6 7. Qxc4 O-O 8. Qa4 a5 9. Qc2 Bg4 10. Be3 Bxf3 11. gxf3 Na6 12. Be2 Qb8 13. f4 b5 14. Rd1 e6 15. h4 b4 16. Na4 b3 17. axb3 Nb4 18. Qb1 Bh6 19. Nc5 Bxf4 20. e5 Bxe3 21. fxe3 Nfd5 22. Rh3 f6 23. Nd7 Qc7 24. Nxf8 Rxf8 25. h5 f5 26. hxg6 hxg6 27. Kf2 Rf7 28. Rdh1 Rg7 29. Qc1 Kf7 30. Qc5 Ne7 31. Rh7 Nbd5 32. Bc4 Rxh7 33. Rxh7+ Kg8 34. Rh1 Kg7 35. Qd6 Qc8 36. Ke2 g5 37. Qc5 Qa8 38. Kd2 g4 39. Qd6 Qc8 40. Bd3 Kg6 41. e4 fxe4 42. Bxe4+ Nf5 43. Rc1 Kg5 44. Qxc6 Qf8 45. Bxd5 Nxd4 46. Qc5 Qf2+ 47. Kd3 Qe2+ 48. Kxd4 Qd2+ 49. Kc4 Qxc1+ 50. Kb5 Qxc5+ 51. Kxc5 exd5 52. e6 g3 53. e7 g2 54. e8=Q g1=Q+ 55. Kxd5 Qd1+ 56. Kc5 Qxb3 57. Qb5 Qa2 58. b3 1/2-1/2

[Event "BL 0607 SC Bann - Bindl-Aktionär"]
[Site "Germania"]
[Date "2007.03.18"]
[Round "13.4"]
[White "Slobodjan, Roman"]
[Black "Baramidze, David"]
[Result "1/2-1/2"]
[WhiteElo "2525"]
[BlackElo "2585"]
[PlyCount "47"]
[EventDate "2006.10.28"]
[Source "www.chesslib.no"]
[SourceDate "2004.05.04"]

1. Nf3 Nf6 2. c4 g6 3. Nc3 d5 4. cxd5 Nxd5 5. d4 Bg7 6. Bd2 Nb6 7. Bg5 h6 8. Bh4 c5 9. dxc5 Bxc3+ 10. bxc3 Qxd1+ 11. Rxd1 Na4 12. Nd4 Bd7 13. f3 Nxc3 14. Rd2 Nc6 15. Bf2 O-O 16. e4 Rfd8 17. Bc4 Ne5 18. Rc2 Nxc4 19. Rxc3 Na5 20. O-O e5 21. Nc2 Be6 22. Be3 Kg7 23. Nb4 Rac8 24. Rfc1 1/2-1/2

[Event "Pula op"]
[Site "Pula"]
[Date "2000.05.22"]
[Round "7"]
[White "Cebalo, Miso"]
[Black "Rogulj, Branko"]
[Result "1-0"]
[WhiteElo "2553"]
[BlackElo "2437"]
[PlyCount "95"]
[EventDate "2000.05.16"]
[Source "ChessBase"]
[SourceDate "2000.07.11"]

1. d4 Nf6 2. c4 g6 3. Nc3 d5 4. cxd5 Nxd5 5. Bd2 Bg7 6. Nf3 O-O 7. Rc1 c6 8. e4 Nb6 9. Be3 Bg4 10. Be2 Bxf3 11. gxf3 f5 12. Qd2 f4 13. Bxf4 Qxd4 14. h4 N8d7 15. h5 Qxd2+ 16. Bxd2 Ne5 17. hxg6 hxg6 18. Rh3 Nbc4 19. Bg5 Nxb2 20. f4 Nec4 21. e5 b5 22. Ne4 Kf7 23. Nd2 Rh8 24. Nxc4 bxc4 25. Bxc4+ Nxc4 26. Rxh8 Rxh8 27. Rxc4 Rh5 28. Rc5 Bh6 29. Bxh6 Rxh6 30. Ke2 Rh4 31. Ke3 Rh3+ 32. f3 Rh2 33. Ra5 Rc2 34. Rxa7 Rc3+ 35. Kf2 c5 36. Ra6 Kg7 37. Kg3 Rc1 38. f5 gxf5 39. Kf4 Rc3 40. Kxf5 Rxf3+ 41. Ke6 c4 42. Kxe7 c3 43. e6 Rf4 44. Rc6 Ra4 45. Rxc3 Ra7+ 46. Kd8 Rxa2 47. e7 Rd2+ 48. Ke8 1-0

[Event "Mind Sports Games - Rapid Ind w"]
[Site "Pechino CINA"]
[Date "2008.10.06"]
[Round "6"]
[White "Zhao Xue"]
[Black "Harika, D."]
[Result "1-0"]
[WhiteElo "2518"]
[BlackElo "2461"]
[PlyCount "94"]
[EventDate "2008.10.05"]
[Source "www.chesslib.no"]
[SourceDate "2004.05.04"]

1. d4 Nf6 2. c4 g6 3. Nc3 d5 4. cxd5 Nxd5 5. Bd2 Bg7 6. Nf3 O-O 7. Rc1 Nb6 8. e3 c6 9. Be2 Bg4 10. O-O Bxf3 11. Bxf3 e5 12. dxe5 Nc4 13. Rc2 Bxe5 14. Bc1 Qc7 15. g3 Na6 16. b3 Rad8 17. Qe2 Nd6 18. Bb2 Qb8 19. Rd2 Nc5 20. Rdd1 Rfe8 21. Qc2 Ne6 22. Bg2 Nc7 23. a4 Na6 24. Ba3 Qc7 25. Rd3 Nf5 26. Rfd1 Rxd3 27. Qxd3 Bg7 28. Ne4 Ne7 29. b4 Nd5 30. b5 Nab4 31. Qc4 a5 32. bxa6 Nxa6 33. Nd6 Rd8 34. Bxd5 cxd5 35. Qxd5 Bf8 36. e4 Bxd6 37. Bxd6 Qd7 38. Be7 Qxd5 39. exd5 Rd7 40. Bf6 Nc5 41. Rd4 Kf8 42. Kg2 Rd6 43. Be5 Rd7 44. Rc4 b6 45. a5 Rxd5 46. Bc7 Ke8 47. Bxb6 Na6 1-0

[Event "Buenos Aires op"]
[Site "Buenos Aires"]
[Date "1999.??.??"]
[Round "9"]
[White "Slipak, Sergio"]
[Black "Pierrot, Facundo"]
[Result "1-0"]
[WhiteElo "2521"]
[BlackElo "2442"]
[PlyCount "95"]
[EventDate "1999.??.??"]
[Source "www.chesslib.no"]
[SourceDate "2004.05.04"]

1. Nf3 c5 2. c3 Nf6 3. d4 cxd4 4. cxd4 g6 5. Nc3 d5 6. Bf4 Nc6 7. e3 Bg7 8. h3 O-O 9. Bd3 Qb6 10. a3 Bd7 11. Na4 Qd8 12. O-O e6 13. Nc5 Qb6 14. b4 Rfc8 15. Qe2 Be8 16. Rfc1 Nd7 17. Rab1 Nxc5 18. bxc5 Qa5 19. Qd1 Nd8 20. e4 dxe4 21. Bxe4 Bc6 22. Bxc6 Nxc6 23. Rxb7 Qxa3 24. Ra1 Qc3 25. Ra4 Rd8 26. Bd6 Bh6 27. d5 Na5 28. Rb5 Nc4 29. Rb3 Nb2 30. Rxc3 Nxd1 31. Rb3 Bg7 32. dxe6 fxe6 33. Rb7 a5 34. Ng5 Re8 35. c6 Nc3 36. Rxg7+ Kxg7 37. Be5+ Kg8 38. Bxc3 Rec8 39. Rc4 a4 40. Nxe6 a3 41. Nd4 a2 42. Nc2 Kf7 43. Be5 Ra5 44. f4 Ke6 45. Kf2 Kd5 46. Ne3+ Ke6 47. Rc1 Rb5 48. Ra1 1-0

[Event "Gothenburg INT"]
[Site "Goteborg SWE"]
[Date "1994.??.??"]
[Round "6"]
[White "Petkevich, Jusefs"]
[Black "Jasnikowski, Zbigniew"]
[Result "1/2-1/2"]
[WhiteElo "2445"]
[BlackElo "2475"]
[PlyCount "23"]
[EventDate "1994.??.??"]
[Source "www.chesslib.no"]
[SourceDate "2004.05.04"]

1. d4 Nf6 2. c4 g6 3. Nc3 d5 4. cxd5 Nxd5 5. Nf3 Bg7 6. Bd2 O-O 7. e3 Nb6 8. Be2 Nc6 9. O-O e5 10. dxe5 Nxe5 11. Nxe5 Bxe5 12. Qc2 1/2-1/2

[Event "Bled op-21 A"]
[Site "Bled"]
[Date "2000.03.25"]
[Round "1"]
[White "Cebalo, Miso"]
[Black "Bawart, Markus"]
[Result "0-1"]
[WhiteElo "2553"]
[BlackElo "2358"]
[PlyCount "94"]
[EventDate "2000.03.25"]
[Source "www.chesslib.no"]
[SourceDate "2004.05.04"]

1. d4 Nf6 2. c4 g6 3. Nc3 d5 4. cxd5 Nxd5 5. Bd2 Bg7 6. Nf3 O-O 7. Rc1 Nc6 8. e4 Nxc3 9. bxc3 e5 10. d5 Ne7 11. Qb3 b6 12. Be2 Bd7 13. c4 Nc8 14. c5 bxc5 15. Rxc5 Nd6 16. Ba5 Nxe4 17. Rxc7 Rb8 18. Qd1 Nc3 19. Rxa7 Nxd1 20. Bxd8 Rfxd8 21. Bxd1 e4 22. Nd2 Rb2 23. Rc7 Bb5 24. d6 Rxd6 25. Rc8+ Bf8 26. Nxe4 Re6 27. f3 f5 28. Bb3 Rxb3 29. axb3 fxe4 30. fxe4 Rxe4+ 31. Kd1 Be2+ 32. Kc2 Bg4 33. Rd8 Re2+ 34. Kc3 Rxg2 35. Ra1 Rxh2 36. Ra7 Rh3+ 37. Kb2 Be6 38. Rb7 h5 39. b4 h4 40. b5 Rb3+ 41. Kc2 h3 42. Rbb8 h2 43. Rxf8+ Kg7 44. Rf1 Rh3 45. Rb7+ Kh6 46. Rb8 Kg5 47. Re8 Bf5+ 0-1

[Event "Chicago Open"]
[Site "Chicago"]
[Date "2004.05.30"]
[Round "5"]
[White "Pasalic, Mehmed"]
[Black "Mikhalevski, Victor"]
[Result "0-1"]
[WhiteElo "2360"]
[BlackElo "2550"]
[PlyCount "102"]
[EventDate "2004.05.28"]
[Source "Roberto Alvarez"]
[SourceDate "2004.06.13"]

1. d4 Nf6 2. c4 g6 3. Nc3 d5 4. cxd5 Nxd5 5. Nf3 Bg7 6. g3 Nxc3 7. bxc3 c5 8. Bg2 Nc6 9. e3 O-O 10. O-O Qa5 11. Bb2 Rd8 12. Qb3 Be6 13. Qa3 Qc7 14. Ng5 Bc4 15. Rfd1 Na5 16. Ne4 b6 17. Nd2 Bd5 18. Bxd5 Rxd5 19. c4 Rh5 20. d5 Bxb2 21. Qxb2 Qd7 22. Qc3 Qh3 23. Nf1 e5 24. e4 Nb7 25. a4 Rf8 26. Re1 f5 27. exf5 Rhxf5 28. Ra2 Nd6 29. a5 b5 30. Qe3 Nxc4 31. Qxc5 e4 32. Rxe4 Ne5 33. Rxe5 Rxe5 34. Qxb5 Rd8 35. Rd2 Qc8 36. Qb3 Re1 37. Rd1 Rxd1 38. Qxd1 Qc5 39. Ne3 Qxa5 40. Qd4 Qb6 41. Qa1 Rf8 42. Qd1 Qb2 43. Qe1 Rb8 44. Kg2 Qb4 45. Qc1 Qe4+ 46. Kh3 Rf8 47. Qc6 Rxf2 48. Qa8+ Rf8 49. Qxa7 Re8 50. Nf1 Qe2 51. Qa1 Rf8 0-1

[Event "Magistral Algarve"]
[Site "Vila Real de Santo Antonio"]
[Date "1998.06.19"]
[Round "1"]
[White "Frois, Antonio"]
[Black "Campora, Daniel H"]
[Result "0-1"]
[WhiteElo "2385"]
[BlackElo "2520"]
[PlyCount "80"]
[EventDate "1998.06.??"]
[Source "www.chesslib.no"]
[SourceDate "2004.05.04"]

1. Nf3 d5 2. d4 g6 3. c4 c6 4. cxd5 cxd5 5. Nc3 Nc6 6. Bf4 Nf6 7. e3 Bg7 8. Bb5 O-O 9. h3 Ne4 10. Rc1 Bd7 11. Qb3 Nxc3 12. Rxc3 e6 13. Be2 f6 14. O-O Rf7 15. Rfc1 Be8 16. Bg3 Kh8 17. Ne1 e5 18. Nf3 e4 19. Ne1 a6 20. f3 f5 21. Rc5 Rd7 22. fxe4 dxe4 23. Bc4 Na5 24. Qa3 Nxc4 25. R5xc4 Kg8 26. Rc7 Bf7 27. Qb4 b5 28. a4 Bf8 29. Qa5 Rxc7 30. Rxc7 Rc8 31. axb5 axb5 32. Qb6 Rxc7 33. Qxc7 Qxc7 34. Bxc7 b4 35. Kf2 Bc4 36. Ba5 b3 37. h4 h6 38. g3 Kf7 39. Ng2 g5 40. Bc3 Bd6 0-1

[Event "Magistral"]
[Site "?"]
[Date "1998.??.??"]
[Round "?"]
[White "Frois Antonio"]
[Black "Campora Daniel H"]
[Result "0-1"]
[WhiteElo "2385"]
[BlackElo "2520"]
[PlyCount "80"]
[EventDate "1998.??.??"]
[Source "www.chesslib.no"]
[SourceDate "2004.05.04"]

1. Nf3 d5 2. d4 g6 3. c4 c6 4. cxd5 cxd5 5. Nc3 Nc6 6. Bf4 Nf6 7. e3 Bg7 8. Bb5 O-O 9. h3 Ne4 10. Rc1 Bd7 11. Qb3 Nxc3 12. Rxc3 e6 13. Be2 f6 14. O-O Rf7 15. Rfc1 Be8 16. Bg3 Kh8 17. Ne1 e5 18. Nf3 e4 19. Ne1 a6 20. f3 f5 21. Rc5 Rd7 22. fxe4 dxe4 23. Bc4 Na5 24. Qa3 Nxc4 25. R5xc4 Kg8 26. Rc7 Bf7 27. Qb4 b5 28. a4 Bf8 29. Qa5 Rxc7 30. Rxc7 Rc8 31. Qb6 a5 32. Be5 Ra8 33. Qc5 Ra6 34. Qc6 Rb6 35. Qc1 Rd6 36. b3 b4 37. Rc2 Bd5 38. Rc8 Qf6 39. Qc4 Qe6 40. Qe2 Qe8 0-1

[Event "Jurmala"]
[Site "Jurmala"]
[Date "1987.??.??"]
[Round "?"]
[White "Sygulski, Artur"]
[Black "Razuvaev, Yuri S"]
[Result "1/2-1/2"]
[WhiteElo "2410"]
[BlackElo "2490"]
[PlyCount "32"]
[EventDate "1987.09.??"]
[Source "ChessBase"]

1. d4 Nf6 2. c4 g6 3. Nc3 d5 4. cxd5 Nxd5 5. Nf3 Bg7 6. Bd2 Nb6 7. Rc1 Nc6 8. Bf4 Bg4 9. e3 e5 10. dxe5 Qxd1+ 11. Rxd1 Bxf3 12. gxf3 Nxe5 13. Bxe5 Bxe5 14. f4 Bg7 15. Bg2 c6 16. Ne4 Ke7 1/2-1/2

[Event "Oslo CI"]
[Site "Oslo"]
[Date "1974.??.??"]
[Round "4"]
[White "Johannessen, Svein"]
[Black "Sigurjonsson, Gudmundur"]
[Result "1-0"]
[WhiteElo "2425"]
[BlackElo "2470"]
[PlyCount "87"]
[EventDate "1974.??.??"]
[Source "ChessBase"]

1. d4 Nf6 2. c4 g6 3. Nc3 d5 4. cxd5 Nxd5 5. Bd2 Bg7 6. Nf3 O-O 7. e3 Nb6 8. Rc1 Nc6 9. Bb5 Bd7 10. O-O e5 11. d5 Ne7 12. Bxd7 Qxd7 13. e4 c6 14. Bg5 f6 15. Be3 cxd5 16. Bxb6 axb6 17. exd5 Bh6 18. Ra1 Rfd8 19. Qb3 Kg7 20. Rad1 Ra6 21. Rfe1 Nf5 22. Re4 Nd6 23. Rb4 Qc7 24. Na4 Nc8 25. Rc4 Qd6 26. Qc2 b5 27. Rxc8 bxa4 28. Rc4 b5 29. Rc7+ Rd7 30. Rc5 Rb6 31. b4 axb3 32. axb3 b4 33. g3 Kf7 34. Qc4 Ke7 35. Ra1 Rbb7 36. Ra6 Rb6 37. Rxb6 Qxb6 38. Rc6 Qb7 39. Qh4 Bg7 40. Qxh7 Kf7 41. Qh3 Rd8 42. Qe6+ Kf8 43. Nh4 Qf7 44. Rc7 1-0

[Event "St John Uni"]
[Site "New York"]
[Date "2004.06.20"]
[Round "4"]
[White "Fedorowicz, John P"]
[Black "Sarkar, Justin"]
[Result "1-0"]
[WhiteElo "2517"]
[BlackElo "2375"]
[PlyCount "111"]
[EventDate "2004.06.17"]
[Source "Roberto Alvarez"]
[SourceDate "2004.06.28"]

1. c4 Nf6 2. Nc3 d5 3. cxd5 Nxd5 4. d4 g6 5. Nf3 Bg7 6. Qb3 Nxc3 7. bxc3 O-O 8. e3 c5 9. Ba3 b6 10. Rd1 Qc7 11. d5 Nd7 12. Be2 Nf6 13. c4 Rd8 14. Bb2 e6 15. O-O exd5 16. cxd5 Bb7 17. Bc4 Ne4 18. Bxg7 Kxg7 19. Nd2 Nd6 20. e4 f5 21. exf5 Nxc4 22. Nxc4 Bxd5 23. Qb2+ Kg8 24. Ne3 Qc6 25. fxg6 hxg6 26. Ng4 Bxg2 27. Ne5 Qb7 28. Rfe1 Bh1 29. Qb3+ Kg7 30. f3 Bxf3 31. Nxf3 Rxd1 32. Rxd1 Re8 33. Qc3+ Kh6 34. Ne5 Qe4 35. Qh3+ Kg5 36. Qg3+ Kh5 37. Qh3+ Kg5 38. Nf3+ Kf6 39. Re1 Qa4 40. Rf1 Kg7 41. Qg2 Re4 42. h3 Re3 43. Qb2+ Kg8 44. Qf6 Qe4 45. Nh4 Qe8 46. Ng2 Re2 47. Rf4 Re6 48. Qc3 Qd7 49. Qf3 Qe7 50. Qb3 Kg7 51. Qc3+ Kg8 52. Rh4 Qf6 53. Qc4 Kg7 54. Rf4 Qe5 55. Rf1 Qe2 56. Qf4 1-0

[Event "International"]
[Site "?"]
[Date "1996.??.??"]
[Round "8"]
[White "Ivanov Mikhail M"]
[Black "Jansa Vlastimil"]
[Result "1/2-1/2"]
[WhiteElo "2375"]
[BlackElo "2500"]
[PlyCount "76"]
[EventDate "1996.??.??"]
[Source "www.chesslib.no"]
[SourceDate "2004.05.04"]

1. d4 Nf6 2. c4 g6 3. Nc3 d5 4. cxd5 Nxd5 5. Nf3 Bg7 6. g3 c5 7. Bg2 Nxc3 8. bxc3 Nc6 9. Be3 O-O 10. O-O cxd4 11. Nxd4 Na5 12. Nb5 Bd7 13. Rb1 Nc4 14. Bd4 Bh6 15. Nxa7 Rb8 16. Rb4 Qc7 17. Nb5 Bxb5 18. Rxb5 b6 19. Bd5 Nd6 20. Be5 Rfd8 21. Qb3 e6 22. Bf3 Bg7 23. Bxd6 Rxd6 24. c4 Rc8 25. Rb1 Bd4 26. e3 Bc5 27. a4 Rd2 28. Rd1 Rxd1+ 29. Qxd1 Rd8 30. Qc2 Qe5 31. Rb1 h5 32. Rd1 Rxd1+ 33. Qxd1 Qc3 34. Be2 Kg7 35. Qd3 Qa1+ 36. Qd1 Qc3 37. Qd3 Qa1+ 38. Qd1 Qc3 1/2-1/2

[Event "6th ch-PriFO Men"]
[Site "Kazan RUS"]
[Date "2008.01.29"]
[Round "7"]
[White "Askarov, M."]
[Black "Kanter, E."]
[Result "1/2-1/2"]
[WhiteElo "2521"]
[BlackElo "2336"]
[PlyCount "98"]
[EventDate "2008.01.23"]
[Source "www.chesslib.no"]
[SourceDate "2004.05.04"]

1. c4 Nf6 2. Nc3 d5 3. cxd5 Nxd5 4. Nf3 g6 5. d4 Bg7 6. Qb3 Nxc3 7. bxc3 O-O 8. Ba3 b6 9. e3 c5 10. Be2 Nc6 11. O-O Na5 12. Qb5 Bd7 13. Qa6 Bc8 14. Qb5 Bd7 15. Qd3 Be6 16. Rfd1 Bc4 17. Qc2 cxd4 18. cxd4 Rc8 19. Rac1 Qd7 20. Qb2 Rfe8 21. Bb4 Qb5 22. Bxc4 Rxc4 23. Rxc4 Nxc4 24. Qb3 Na5 25. Bxa5 Qxb3 26. axb3 bxa5 27. Rc1 Rb8 28. Nd2 e5 29. d5 Rd8 30. e4 Bh6 31. Rc2 Bxd2 32. Rxd2 Rb8 33. f4 exf4 34. Rd3 Re8 35. d6 f6 36. Rd5 Rd8 37. Kf2 Kf7 38. Rxa5 Rxd6 39. Rxa7+ Ke6 40. Rxh7 Rb6 41. Rh3 Rb4 42. Ke2 Rxe4+ 43. Kd3 Kd5 44. Rh6 Re3+ 45. Kd2 Rxb3 46. Rxg6 f3 47. g3 Rb2+ 48. Ke3 Ke5 49. Kxf3 Rxh2 1/2-1/2

[Event "44th National A ch-IND"]
[Site "Atul IND"]
[Date "2006.12.26"]
[Round "10"]
[White "Singh, DP."]
[Black "Aswin, J."]
[Result "1-0"]
[WhiteElo "2507"]
[BlackElo "2322"]
[PlyCount "125"]
[EventDate "2006.12.18"]
[Source "www.chesslib.no"]
[SourceDate "2004.05.04"]

1. d4 Nf6 2. c4 g6 3. Nc3 d5 4. cxd5 Nxd5 5. Bd2 Bg7 6. Nf3 O-O 7. e4 Nb6 8. Be3 Bg4 9. Be2 Nc6 10. d5 Bxf3 11. gxf3 Ne5 12. Qb3 c6 13. f4 Ned7 14. dxc6 bxc6 15. e5 e6 16. h4 Nd5 17. h5 Rb8 18. Qc2 Nxe3 19. fxe3 Qb6 20. Nd1 Rfd8 21. hxg6 hxg6 22. Kf2 Nc5 23. Rc1 Bf8 24. Kf3 Qb4 25. a3 Qa4 26. b4 Nb3 27. Nc3 Qxa3 28. Rcd1 Qxb4 29. Bd3 Bg7 30. Ne4 Qe7 31. Rh3 Rb4 32. Rdh1 Rxd3 33. Qxd3 Rxe4 34. Qxb3 Rb4 35. Qc2 c5 36. Qh2 Qb7+ 37. Kg3 Kf8 38. Rh8+ Bxh8 39. Qxh8+ Ke7 40. Qf6+ Kd7 41. Qxf7+ Kc6 42. Qxe6+ Kb5 43. Qe8+ Qc6 44. Qxc6+ Kxc6 45. Rh6 Kd5 46. Rxg6 Ke4 47. Ra6 Rb7 48. Ra4+ Kxe3 49. f5 Re7 50. e6 Kd3 51. Ra6 c4 52. f6 Rc7 53. e7 Rc8 54. f7 c3 55. e8=Q Rxe8 56. fxe8=Q c2 57. Rd6+ Kc3 58. Qc6+ Kb2 59. Rd2 Ka3 60. Qc3+ Ka4 61. Rd4+ Kb5 62. Rb4+ Ka6 63. Qa3# 1-0

[Event "III Memorial E.Geller - Open A"]
[Site "Odessa UCR"]
[Date "2007.09.09"]
[Round "2"]
[White "Garifulin, Alexander"]
[Black "Zinchenko, Yaroslav"]
[Result "0-1"]
[WhiteElo "2328"]
[BlackElo "2497"]
[PlyCount "46"]
[EventDate "2007.09.08"]
[Source "www.chesslib.no"]
[SourceDate "2004.05.04"]

1. d4 Nf6 2. c4 g6 3. Nc3 d5 4. cxd5 Nxd5 5. Bd2 Bg7 6. Nf3 O-O 7. Rc1 Nc6 8. e4 Nb6 9. d5 Nb8 10. a4 c6 11. a5 N6d7 12. Qa4 Nf6 13. dxc6 Nxc6 14. a6 Nd7 15. Bb5 Nce5 16. Nd5 bxa6 17. Bxa6 Nb6 18. Nxb6 axb6 19. Nxe5 Bxe5 20. Rxc8 Qxc8 21. Qb5 Qxa6 22. Qxe5 Qd3 23. b3 Rfd8 0-1

[Event "It Open"]
[Site "Biel SUI"]
[Date "1993.??.??"]
[Round "2"]
[White "Weischede, Thomas"]
[Black "Tseshkovsky, Vitaly V"]
[Result "0-1"]
[WhiteElo "2330"]
[BlackElo "2495"]
[PlyCount "80"]
[EventDate "1993.??.??"]
[Source "www.chesslib.no"]
[SourceDate "2004.05.04"]

1. d4 Nf6 2. c4 g6 3. Nc3 d5 4. cxd5 Nxd5 5. Nf3 Bg7 6. Qb3 Nb6 7. Bg5 O-O 8. Rd1 a5 9. e3 a4 10. Qc2 c6 11. Be2 Na6 12. O-O Nb4 13. Qb1 a3 14. e4 axb2 15. Qxb2 Na6 16. Rb1 Nd7 17. Rfd1 h6 18. Be3 Qe8 19. e5 Nc7 20. Qd2 Kh7 21. h4 b5 22. h5 Nb6 23. Bd3 Nc4 24. Qe2 Bf5 25. Ne4 Nd5 26. Rdc1 e6 27. Nh4 Qe7 28. Nxf5 gxf5 29. Bxc4 bxc4 30. Nd6 c3 31. Rb7 Qh4 32. g3 Qh3 33. Nxf7 Rab8 34. Bxh6 Rxf7 35. Rxf7 Kxh6 36. Rd7 Bf8 37. Rd6 Bxd6 38. exd6 f4 39. g4 f3 40. Qxe6+ Kg5 0-1

[Event "St Petersburg op"]
[Site "St Petersburg"]
[Date "1994.??.??"]
[Round "5"]
[White "Kiselev, M."]
[Black "Verdihanov, Vladislav"]
[Result "0-1"]
[WhiteElo "2400"]
[BlackElo "2420"]
[PlyCount "74"]
[EventDate "1994.02.??"]
[Source "ChessBase"]

1. d4 Nf6 2. c4 g6 3. Nc3 d5 4. cxd5 Nxd5 5. Nf3 Bg7 6. Qb3 Nxc3 7. bxc3 c5 8. e3 O-O 9. Be2 b6 10. O-O Ba6 11. Bxa6 Nxa6 12. Rd1 Qc7 13. Bb2 Rac8 14. d5 c4 15. Qb5 Qb7 16. e4 Nc5 17. Qxc4 b5 18. Qe2 Na4 19. Nd4 b4 20. Rab1 bxc3 21. Ba3 Qd7 22. Nc6 Rfe8 23. Qc2 Nb6 24. Qb3 e6 25. Rbc1 exd5 26. exd5 Bf6 27. h3 Re2 28. Qb5 Rce8 29. Bc5 c2 30. Rf1 Nxd5 31. Bd4 Bg5 32. Ra1 c1=Q 33. Raxc1 Bxc1 34. Rxc1 Nf4 35. Qg5 Ne6 36. Qg4 Rxa2 37. Bf6 Qd2 0-1

[Event "AdW-Turnier"]
[Site "Berlin East"]
[Date "1987.??.??"]
[Round "?"]
[White "Paehtz, Thomas sr"]
[Black "Szitkey, Milan"]
[Result "1/2-1/2"]
[WhiteElo "2450"]
[BlackElo "2360"]
[PlyCount "45"]
[EventDate "1987.08.28"]
[Source "www.chesslib.no"]
[SourceDate "2004.05.04"]

1. d4 Nf6 2. c4 g6 3. Nc3 d5 4. cxd5 Nxd5 5. Nf3 Bg7 6. Qb3 Nxc3 7. bxc3 O-O 8. e3 c5 9. Be2 b6 10. O-O Nc6 11. Rd1 cxd4 12. cxd4 Na5 13. Qa3 Be6 14. Nd2 Qd7 15. Bb2 Rfc8 16. Bf3 Rab8 17. h3 Rc2 18. Bc3 Qc7 19. Rdc1 Rxc1+ 20. Rxc1 Rc8 21. Bb2 Nc4 22. Qb4 Qd6 23. Qxd6 1/2-1/2

[Event "BUL Team Ch"]
[Site "Bankia"]
[Date "1991.??.??"]
[Round "8"]
[White "Popov, Luben S"]
[Black "Ninov, Kiril"]
[Result "1-0"]
[WhiteElo "2405"]
[BlackElo "2405"]
[PlyCount "107"]
[EventDate "1991.??.??"]
[Source "www.chesslib.no"]
[SourceDate "2004.05.04"]

1. c4 g6 2. d4 Nf6 3. Nc3 d5 4. cxd5 Nxd5 5. Nf3 Bg7 6. Bd2 Nb6 7. Bg5 h6 8. Bh4 c5 9. e3 O-O 10. dxc5 N6d7 11. Bc4 Nc6 12. Nd4 Nce5 13. Be2 Nxc5 14. O-O g5 15. Bg3 Bd7 16. b4 Na6 17. a3 Nc7 18. Qb3 Rc8 19. Rac1 a6 20. Rfd1 Qe8 21. a4 Ne6 22. Nf5 Rxc3 23. Rxc3 Bxa4 24. Nxg7 Nxg7 25. Qb2 Bxd1 26. Bxe5 Bxe2 27. Bxg7 Qd7 28. h4 Qd1+ 29. Kh2 Rd8 30. Rc7 Qd6+ 31. Be5 Qe6 32. Bg3 Bb5 33. Qe5 gxh4 34. Bf4 Qxe5 35. Bxe5 Rd2 36. Rxe7 Rxf2 37. Rxb7 f6 38. Bf4 Bc6 39. Rb6 Bxg2 40. Rxf6 Rb2 41. Rg6+ Kf7 42. Rxg2 Rxb4 43. Bxh6 a5 44. Rg7+ Ke6 45. Ra7 a4 46. Bg7 Kd5 47. Kh3 Rb3 48. Bd4 a3 49. Kxh4 Kc4 50. Kg4 Rd3 51. Kf5 Kb3 52. Ke4 Rd2 53. Kd5 a2 54. e4 1-0

[Event "LLS BY00/01"]
[Site "Baviera"]
[Date "2001.??.??"]
[Round "1"]
[White "Nikolac, Juraj"]
[Black "Riediger, Martin"]
[Result "0-1"]
[WhiteElo "2525"]
[BlackElo "2270"]
[PlyCount "77"]
[EventDate "2001.01.28"]
[Source "www.chesslib.no"]
[SourceDate "2004.05.04"]

1. c4 Nf6 2. Nc3 d5 3. cxd5 Nxd5 4. Nf3 g6 5. d4 Bg7 6. Bd2 O-O 7. e4 Nb6 8. Qc2 Bg4 9. Ne5 Be6 10. Be3 c5 11. Rd1 cxd4 12. Bxd4 Qc7 13. Nf3 Bg4 14. Bxg7 Bxf3 15. Bxf8 Bxd1 16. Qxd1 Kxf8 17. Be2 Nc6 18. O-O Rd8 19. Qc1 Nd4 20. Re1 Na4 21. Bf1 Nxc3 22. bxc3 Ne6 23. g3 Rc8 24. Re3 Nc5 25. e5 Qd7 26. Re1 Rd8 27. Qh6+ Kg8 28. Bc4 e6 29. Qh4 a6 30. Be2 Qc7 31. Bf1 Rd5 32. Qf4 Nd3 33. Bxd3 Qxc3 34. Rc1 Qxd3 35. Qf6 Rd8 36. Rc7 Rf8 37. Rxb7 Qd1+ 38. Kg2 Qd5+ 39. Qf3 0-1

[Event "Deutschland"]
[Site "?"]
[Date "2004.11.28"]
[Round "3.4"]
[White "Bonnmann Reinhard"]
[Black "Seel Christian"]
[Result "0-1"]
[WhiteElo "2289"]
[BlackElo "2491"]
[PlyCount "130"]
[EventDate "2004.??.??"]
[Source "www.chesslib.no"]
[SourceDate "2004.05.04"]

1. d4 Nf6 2. c4 g6 3. Nc3 d5 4. cxd5 Nxd5 5. Nf3 Bg7 6. Qb3 Nb6 7. Bg5 Be6 8. Qc2 Nc6 9. Rd1 h6 10. Bc1 O-O 11. e3 Nb4 12. Qb1 Qc8 13. a3 N4d5 14. Nxd5 Bxd5 15. Bd2 Qe6 16. Be2 Ba2 17. Qa1 Bb3 18. Rc1 Nc4 19. Rc3 Nxd2 20. Nxd2 Bd5 21. Bf3 Bxf3 22. Nxf3 Qd6 23. Qc1 c6 24. Rc5 Rac8 25. O-O Rfd8 26. Rc2 e5 27. dxe5 Bxe5 28. Rd2 Qe7 29. Nxe5 Qxe5 30. Rfd1 Qe7 31. h3 a5 32. Qc3 a4 33. Qa5 Rxd2 34. Rxd2 b5 35. Qb6 h5 36. Rc2 Qd6 37. Qc5 Qxc5 38. Rxc5 Kf8 39. Kf1 Ke7 40. Ke2 Kd6 41. Rc2 c5 42. Rd2+ Kc6 43. e4 Re8 44. f3 b4 45. axb4 cxb4 46. Rc2+ Kb5 47. Rc7 Ra8 48. Kd3 a3 49. bxa3 bxa3 50. Rb7+ Kc5 51. Rc7+ Kd6 52. Rc1 a2 53. Ra1 Ke5 54. g3 Ra3+ 55. Kc4 g5 56. Kb4 Rxf3 57. Rxa2 Rxg3 58. Rf2 Kxe4 59. Rxf7 Rxh3 60. Kc4 Ra3 61. Re7+ Kf4 62. Kd4 h4 63. Rf7+ Kg3 64. Ke4 h3 65. Rg7 g4 0-1